| 000 | 00628nam a2200265Ia 4500 | ||
|---|---|---|---|
| 005 | 20260121170814.0 | ||
| 008 | 008 260114s9999 xx 000 0 eng d | ||
| 020 | _a9783030005399 | ||
| 037 | _aEBOOK | ||
| 040 | _aCRL | ||
| 040 | _beng | ||
| 040 | _cCRL | ||
| 041 | _2eng | ||
| 041 | _aeng | ||
| 084 | _qCRL | ||
| 100 |
_aCengiz Gunes _91068369 |
||
| 245 | 4 | _aThe Kurds in a New Middle East | |
| 260 | _bSpringer | ||
| 260 | _bSpringer | ||
| 260 | _c2019 | ||
| 856 | _uhttps://link.springer.com/openurl?genre=book&isbn=978-3-030-00539-9 | ||
| 942 | _cEBOOK | ||
| 999 |
_c1634099 _d1634099 |
||